|
|
|
|
| LEADER |
00000nab a2200000 a 4500 |
| 001 |
vtls010558004 |
| 003 |
SK-MaSNL |
| 005 |
20260304224034.0 |
| 008 |
131113 20130503xo dr| 000 0|slo |
| 015 |
|
|
|a SNBRB2013/05
|
| 038 |
|
|
|a DSZK
|
| 040 |
|
|
|a DSZK
|b slo
|c DSZK
|e AACR2
|
| 041 |
|
|
|a slo
|
| 044 |
|
|
|a xo
|c SK
|
| 080 |
|
|
|a 78.071.2
|2 2001
|
| 080 |
|
|
|a 784.66
|2 2001
|
| 080 |
|
|
|a 06.068
|2 2001
|
| 245 |
0 |
0 |
|a Získala cenu za najlepšiu R&B speváčku
|b Dominika Stará (19) dobýva Ameriku
|c [autori] rw,rb
|
| 300 |
|
|
|b Fotogr.
|
| 600 |
1 |
7 |
|a Stará, Dominika,
|d 1992-
|2 snkbucl
|9 1195046
|
| 650 |
0 |
7 |
|a populárna hudba
|2 dszk
|9 3428
|
| 650 |
0 |
7 |
|a ceny a vyznamenania
|2 SNKPH
|9 73045
|
| 650 |
0 |
7 |
|a New England urban music award (hudobná cena)
|2 dszk
|9 1558625
|
| 651 |
|
7 |
|a Šamorín (Slovensko)
|2 SNKPHgeo
|9 28925
|
| 773 |
0 |
|
|t Nový čas
|g Roč. 23, č. 102 (3.5.2013), s. 25
|x 1335-4655
|
| 852 |
|
|
|a DSZK
|b KIS3GCP
|
| 958 |
|
|
|a SK
|
| 999 |
|
|
|c 3170710
|d 3172640
|